Loading...
| Literature - World Lit | 1 | 3 | 0 | 1 | 45 | 70 | 102.25 | 1 | 4 |
| Literature - American Lit | 0 | 4 | 2 | 0 | 30 | 78 | 116.75 | 1 | 4 |
| Literature - Euro Lit | 0 | 3 | 1 | 1 | 25 | 113 | 119.67 | 0 | 3 |
| Thought - Philosophy | 0 | 2 | 1 | 0 | 15 | 121 | 124.00 | 0 | 2 |
| Science - Other Science | 0 | 1 | 0 | 0 | 10 | 129 | 129.00 | 0 | 1 |
| History - Other History | 0 | 1 | 0 | 0 | 10 | 99 | 99.00 | 0 | 1 |
| Science - Engineering | 0 | 1 | 0 | 0 | 10 | 115 | 115.00 | 0 | 1 |
| Beliefs - Religion | 0 | 1 | 1 | 1 | 5 | 130 | 130.00 | 0 | 1 |
| Beliefs - Mythology | 0 | 1 | 1 | 0 | 5 | 112 | 112.00 | 0 | 1 |
| History - American History | 0 | 1 | 1 | 1 | 5 | 128 | 128.00 | 0 | 1 |
| Other - Pop Culture | 0 | 1 | 1 | 1 | 5 | 124 | 124.00 | 0 | 1 |
| Literature - British Lit | 0 | 1 | 1 | 0 | 5 | 130 | 130.00 | 1 | 1 |
| Arts - Other Arts | 0 | 0 | 1 | 0 | -5 | 0.00 | 0 | 0 | |
| Other - Geo/CE | 0 | 0 | 1 | 0 | -5 | 0.00 | 0 | 0 |